[Event "XVII Festival A"]
[Site "Campobasso ITA"]
[Date "2010.07.23"]
[Round "3"]
[White "Zherebukh, Yaroslav"]
[Black "Gromovs, Sergejs"]
[Result "1-0"]
[WhiteElo "2572"]
[BlackElo "2365"]
[PlyCount "87"]
[EventDate "2010.07.23"]

1. e4 c5 2. Nf3 d6 3. d4 cxd4 4. Nxd4 Nf6 5. Nc3 a6 6. h3 e5 7. Nde2 h5 8. g3
Nbd7 9. Bg2 b5 10. Nd5 Nxd5 11. Qxd5 Nb6 12. Qd1 Be6 13. f4 f6 14. Nc3 Rc8 15.
Nd5 Nxd5 16. exd5 Bf5 17. c3 Qd7 18. a3 Kf7 19. Be3 Re8 20. fxe5 Rxe5 21. Kf2
Rxe3 22. Kxe3 g6 23. Kf2 Bh6 24. Qd4 Rc8 25. b3 Bc2 26. Rhe1 Bxb3 27. Re6 Bg7
28. Rae1 Kg8 29. Re7 Qf5+ 30. Kg1 Rc5 31. Rf1 Qg5 32. h4 Qh6 33. Rxf6 Rc4 34.
Qf2 Rxc3 35. Rff7 Rc1+ 36. Kh2 Rc2 37. Rxg7+ Qxg7 38. Rxg7+ Kxg7 39. Qd4+ Kf7
40. Qf4+ Kg7 41. Qxd6 Bc4 42. Qe5+ Kh7 43. Qc7+ Kh6 44. d6 1-0

[Event "XVII Festival A"]
[Site "Campobasso ITA"]
[Date "2010.07.24"]
[Round "4"]
[White "Adriani, Vieri"]
[Black "Procacci, Sergio"]
[Result "1/2-1/2"]
[WhiteElo "2173"]
[BlackElo "2043"]
[PlyCount "69"]
[EventDate "2010.07.23"]

1. d4 Nf6 2. Nc3 g6 3. e4 d6 4. f4 Bg7 5. Nf3 O-O 6. Bd3 Na6 7. a3 c5 8. d5 Rb8
9. O-O b5 10. Nxb5 c4 11. Bxc4 Rxb5 12. Bxb5 Qb6+ 13. Nd4 Ng4 14. c3 Bxd4+ 15.
Qxd4 Qxb5 16. h3 Nf6 17. b4 Qb6 18. Qxb6 axb6 19. Re1 Bb7 20. c4 e5 21. fxe5
dxe5 22. Kf2 Rc8 23. c5 bxc5 24. b5 Nc7 25. a4 Ra8 26. Bb2 Nd7 27. Red1 f6 28.
g4 Kf7 29. Bc3 Ne8 30. Kg3 Nd6 31. Re1 Ke7 32. h4 Nb6 33. a5 Nbc4 34. b6 Ba6
35. Ra2 1/2-1/2

[Event "XVII Festival A"]
[Site "Campobasso ITA"]
[Date "2010.07.24"]
[Round "4"]
[White "Arbore, Daniele"]
[Black "Sellitti, Luca"]
[Result "1-0"]
[WhiteElo "1374"]
[BlackElo "1956"]
[PlyCount "133"]
[EventDate "2010.07.23"]

1. e4 Nf6 2. e5 Nd5 3. c4 Nb6 4. d4 d6 5. exd6 cxd6 6. Nc3 g6 7. g3 Bg7 8. Bg2
O-O 9. b3 Nc6 10. Nge2 e5 11. d5 Nd4 12. O-O Bf5 13. Nxd4 exd4 14. Ne4 Re8 15.
Re1 Qe7 16. Bg5 Qd7 17. Nf6+ Bxf6 18. Bxf6 Rxe1+ 19. Qxe1 d3 20. Qd2 Qe8 21.
Re1 Qf8 22. Be4 Nd7 23. Bb2 Bxe4 24. Rxe4 Nc5 25. Qc3 f6 26. Rf4 Qe7 27. Rxf6
Ne4 28. Rxg6+ hxg6 29. Qh8+ Kf7 30. Qg7+ Ke8 31. Qg8+ Kd7 32. Qxa8 d2 33. Qxb7+
Ke8 34. Qc8+ Kf7 35. Qg4 Nxf2 36. Qf4+ Ke8 37. Qxd2 Nh3+ 38. Kf1 Kd7 39. Qe2
Qf7+ 40. Ke1 Kc7 41. Kd2 Qf5 42. Qe7+ Kc8 43. Qe8+ Kb7 44. Qc6+ Kb8 45. Qxd6+
Kb7 46. Qe7+ Ka8 47. Qd8+ Kb7 48. Qe7+ Ka8 49. Qe8+ Kb7 50. Qb5+ Kc8 51. Qe8+
Kb7 52. d6 Nf2 53. Qe7+ Ka8 54. Qd8+ Kb7 55. Qc7+ Ka8 56. Qc6+ Kb8 57. Qb5+
Qxb5 58. cxb5 Ne4+ 59. Ke3 Nxd6 60. Be5 Kc7 61. Bxd6+ Kxd6 62. Kd4 Ke6 63. g4
g5 64. a4 Kd6 65. a5 Kc7 66. Ke5 Kd7 67. b6 1-0

[Event "XVII Festival A"]
[Site "Campobasso ITA"]
[Date "2010.07.24"]
[Round "4"]
[White "Bocci, Alessandro"]
[Black "Lattanzio, Savino"]
[Result "1/2-1/2"]
[WhiteElo "1961"]
[BlackElo "2061"]
[PlyCount "80"]
[EventDate "2010.07.23"]

1. d4 Nf6 2. c4 e6 3. Nf3 b6 4. a3 Ba6 5. Qc2 Bb7 6. Nc3 c5 7. dxc5 bxc5 8. g3
Nc6 9. Bg2 Nd4 10. Qd1 Ne4 11. O-O Nxc3 12. bxc3 Nxf3+ 13. Bxf3 Bxf3 14. exf3
Be7 15. Qd3 O-O 16. Bf4 d6 17. Rfd1 Qc8 18. Rab1 Qa6 19. Qe4 Rab8 20. Rxb8 Rxb8
21. Rb1 Rxb1+ 22. Qxb1 g5 23. Qb8+ Kg7 24. Qc7 gxf4 25. Qxe7 h6 26. g4 Qxc4 27.
g5 Qxc3 28. gxh6+ Kxh6 29. Qh4+ Kg6 30. Qg4+ Kf6 31. Qxf4+ Ke7 32. h4 c4 33. h5
Qg7+ 34. Kf1 Qa1+ 35. Kg2 c3 36. Qg5+ Kd7 37. Qf6 Qxa3 38. h6 c2 39. h7 c1=Q
40. h8=Q Kc6 1/2-1/2

[Event "XVII Festival A"]
[Site "Campobasso ITA"]
[Date "2010.07.24"]
[Round "4"]
[White "Cardone, Andrea"]
[Black "Pastore, Giuseppe"]
[Result "1-0"]
[WhiteElo "1890"]
[BlackElo "1671"]
[PlyCount "55"]
[EventDate "2010.07.23"]

1. d4 e6 2. c4 d5 3. Nc3 c6 4. Nf3 Nf6 5. Bg5 Be7 6. Qc2 dxc4 7. e4 b5 8. e5
Nd5 9. Bxe7 Qxe7 10. Ne4 Bd7 11. Nd6+ Kf8 12. Qd2 a5 13. a4 h6 14. axb5 cxb5
15. Rxa5 Rxa5 16. Qxa5 g6 17. Be2 Kg7 18. O-O Nc6 19. Qd2 Ra8 20. Nxb5 Nxe5 21.
Nxe5 Bxb5 22. Bxc4 Bxc4 23. Nxc4 Rd8 24. Ne5 Qd6 25. Rd1 f6 26. Ng4 g5 27. Ne3
Nf4 28. Qc2 1-0

[Event "XVII Festival A"]
[Site "Campobasso ITA"]
[Date "2010.07.24"]
[Round "4"]
[White "Cocchia, Umberto"]
[Black "Paduano, Gennaro"]
[Result "1/2-1/2"]
[WhiteElo "1903"]
[BlackElo "1934"]
[PlyCount "76"]
[EventDate "2010.07.23"]

1. e4 c5 2. Nf3 Nc6 3. d4 cxd4 4. Nxd4 Nf6 5. Nc3 Rb8 6. Bf4 e5 7. Nxc6 bxc6 8.
Bxe5 Rxb2 9. Qc1 Rb6 10. Bd3 Be7 11. O-O O-O 12. Rd1 Ng4 13. Bg3 Bf6 14. Qd2
Qe7 15. e5 Bh4 16. Qf4 Bxg3 17. Qxg4 Bxf2+ 18. Kxf2 Qc5+ 19. Ke2 Qxc3 20. Qh5
g6 21. Qg5 Re8 22. Kf1 Qxe5 23. Qh6 Qf6+ 24. Kg1 d5 25. Rf1 Qg7 26. Qf4 Be6 27.
Rae1 Rb7 28. Qa4 Rbb8 29. Qxa7 Ra8 30. Qc5 Rxa2 31. Qxc6 Rea8 32. Rb1 Qd4+ 33.
Kh1 Rc8 34. Qb7 Qc5 35. Rb5 Qc6 36. Rfb1 Qxb7 37. Rxb7 Rd8 38. Bb5 Rf8 1/2-1/2

[Event "XVII Festival A"]
[Site "Campobasso ITA"]
[Date "2010.07.24"]
[Round "4"]
[White "Collutiis, Duilio"]
[Black "Sellitti, Federico"]
[Result "1/2-1/2"]
[WhiteElo "2438"]
[BlackElo "2141"]
[PlyCount "52"]
[EventDate "2010.07.23"]

1. Nc3 g6 2. e4 Bg7 3. d4 d6 4. Be3 a6 5. Qd2 b5 6. a4 b4 7. Na2 a5 8. c3 bxc3
9. Nxc3 Nf6 10. Nf3 O-O 11. Bb5 c6 12. Bd3 Ba6 13. O-O Bxd3 14. Qxd3 Na6 15. h3
Nd7 16. Rad1 Qb8 17. Qd2 Qb3 18. Bh6 Rfb8 19. Bxg7 Kxg7 20. Rb1 Nb6 21. e5 Nxa4
22. Nxa4 Qxa4 23. exd6 exd6 24. Ra1 Qb4 25. Rxa5 Qxd2 26. Nxd2 Nc7 1/2-1/2

[Event "XVII Festival A"]
[Site "Campobasso ITA"]
[Date "2010.07.24"]
[Round "4"]
[White "Colucci, Stefano"]
[Black "Cetera, Nicola"]
[Result "1/2-1/2"]
[WhiteElo "1968"]
[BlackElo "1889"]
[PlyCount "55"]
[EventDate "2010.07.23"]

1. d4 e6 2. e4 d5 3. Nc3 Nf6 4. e5 Nfd7 5. Nf3 c5 6. Ne2 cxd4 7. Nexd4 Nc6 8.
Nxc6 bxc6 9. Be2 Be7 10. O-O O-O 11. Re1 a5 12. Bf4 c5 13. c4 d4 14. b3 Qb6 15.
Bd3 Bb7 16. Qe2 Nb8 17. Ng5 Bxg5 18. Bxg5 Qc6 19. Qg4 Kh8 20. Qh3 h6 21. Re4
Qxe4 22. Bxe4 Bxe4 23. Rd1 Nc6 24. Bf4 a4 25. g4 axb3 26. axb3 Kg8 27. g5 hxg5
28. Bxg5 1/2-1/2

[Event "XVII Festival A"]
[Site "Campobasso ITA"]
[Date "2010.07.24"]
[Round "4"]
[White "Crafa, Carmine"]
[Black "Vena, Alessio"]
[Result "1/2-1/2"]
[WhiteElo "1856"]
[BlackElo "1900"]
[PlyCount "69"]
[EventDate "2010.07.23"]

1. e4 e5 2. Nf3 Nc6 3. d4 exd4 4. Nxd4 Bc5 5. Be3 Qf6 6. c3 d6 7. Bc4 Ne5 8.
Bb3 Qg6 9. Rg1 Qxe4 10. Bc2 Qg4 11. Qxg4 Nxg4 12. Nd2 Nxe3 13. fxe3 Nf6 14. Nc4
d5 15. Nd2 O-O 16. O-O-O Re8 17. Rde1 Bd7 18. e4 dxe4 19. Nxe4 Nxe4 20. Bxe4 c6
21. Rgf1 Bxd4 22. cxd4 Be6 23. Bc2 Rad8 24. Rf4 Bd5 25. Rxe8+ Rxe8 26. Rf2 g6
27. a3 a5 28. Kd2 b5 29. g3 a4 30. Bb1 f5 31. Bc2 Kf7 32. g4 Be4 33. gxf5 gxf5
34. Bxe4 Rxe4 35. Rxf5+ 1/2-1/2

[Event "XVII Festival A"]
[Site "Campobasso ITA"]
[Date "2010.07.24"]
[Round "4"]
[White "D'Aquino, Ugo"]
[Black "Distaso, Antonio"]
[Result "0-1"]
[WhiteElo "1653"]
[BlackElo "1974"]
[PlyCount "60"]
[EventDate "2010.07.23"]

1. e4 c5 2. Nf3 Nc6 3. d4 cxd4 4. Nxd4 g6 5. Nc3 Bg7 6. Be3 Nf6 7. Be2 O-O 8.
O-O d5 9. exd5 Nxd5 10. Nxd5 Qxd5 11. Bf3 Qc4 12. Nxc6 bxc6 13. c3 Bf5 14. Be2
Qe6 15. Qa4 Be4 16. Rfe1 Rfd8 17. Rad1 Rxd1 18. Bxd1 Bd5 19. a3 h5 20. Be2 a5
21. c4 Be4 22. Bb6 Bf5 23. Bxa5 Bxb2 24. Qb4 Qe5 25. Bf3 Qxa5 26. Qxe7 Bxa3 27.
Qe3 Bc5 28. Qe5 Bb4 29. Qxa5 Rxa5 30. Rd1 Bg4 0-1

[Event "XVII Festival A"]
[Site "Campobasso ITA"]
[Date "2010.07.24"]
[Round "4"]
[White "Di Lascio, Savino"]
[Black "Cordi', Domenico"]
[Result "0-1"]
[WhiteElo "1910"]
[BlackElo "2047"]
[PlyCount "96"]
[EventDate "2010.07.23"]

1. e4 c5 2. Nf3 d6 3. Bb5+ Bd7 4. Bxd7+ Qxd7 5. O-O Nc6 6. Re1 Nf6 7. c3 g6 8.
d4 cxd4 9. Nxd4 Bg7 10. h3 O-O 11. Na3 Rac8 12. Qd3 a6 13. Nac2 Rfd8 14. Bg5 h6
15. Bh4 Na5 16. Qe3 Nc4 17. Qc1 Nh5 18. f4 Re8 19. f5 g5 20. Bf2 Nf4 21. Rd1 e5
22. fxe6 Rxe6 23. b3 Bxd4 24. Nxd4 Ne5 25. Qe3 Rf6 26. Rac1 b5 27. Rc2 Re8 28.
Rcd2 Neg6 29. g4 Qb7 30. Nf5 Rxe4 31. Qg3 Ne2+ 32. Rxe2 Rxe2 33. Nxd6 Qf3 34.
Nf5 Qxg3+ 35. Bxg3 Nf4 36. a4 bxa4 37. bxa4 Nxh3+ 38. Kf1 Re4 39. Rd4 Rxd4 40.
cxd4 Nf4 41. Bxf4 gxf4 42. a5 Kf8 43. d5 Ke8 44. Kf2 h5 45. d6 Rxf5 46. gxf5 h4
47. f6 Kd7 48. Kf3 h3 0-1

[Event "XVII Festival A"]
[Site "Campobasso ITA"]
[Date "2010.07.24"]
[Round "4"]
[White "Fezza, Davide"]
[Black "Mrdja, Milan"]
[Result "0-1"]
[WhiteElo "2070"]
[BlackElo "2372"]
[PlyCount "100"]
[EventDate "2010.07.23"]

1. e4 d5 2. exd5 Qxd5 3. Nc3 Qd6 4. d4 Nf6 5. Nf3 g6 6. Ne5 Bg7 7. Bc4 O-O 8.
O-O c6 9. Bg5 Nbd7 10. f4 Nb6 11. Bb3 Nfd5 12. Nxd5 cxd5 13. Bh4 Bf5 14. c3
Rac8 15. Rf2 f6 16. g4 Be4 17. Nd3 f5 18. Nc5 Rxc5 19. dxc5 Qxc5 20. g5 Nc4 21.
Bxc4 dxc4 22. Qd2 b5 23. Re1 a5 24. Qe3 Qxe3 25. Rxe3 Rd8 26. Rfe2 Kf7 27. Rh3
Rd1+ 28. Be1 Bd3 29. Ree3 Rb1 30. Rxh7 Rxb2 31. Rxe7+ Kxe7 32. Rxg7+ Kf8 33.
Rxg6 Rxa2 34. Rb6 Ra1 35. Kf2 Ra2+ 36. Kg3 Be4 37. Bf2 b4 38. cxb4 c3 39. bxa5
c2 40. Rb8+ Kf7 41. Rc8 Ra3+ 42. Kh4 Rf3 43. Rc7+ Ke6 44. Bb6 Rxf4+ 45. Kh5 Rf1
46. Be3 f4 47. Bd2 Rf2 48. Bxf4 Rxf4 49. g6 c1=Q 50. Rxc1 Kf6 0-1

[Event "XVII Festival A"]
[Site "Campobasso ITA"]
[Date "2010.07.24"]
[Round "4"]
[White "Ficco, Corrado"]
[Black "Campanella, Giovanni"]
[Result "1-0"]
[WhiteElo "2136"]
[BlackElo "1905"]
[PlyCount "87"]
[EventDate "2010.07.23"]

1. e4 e5 2. Nf3 Nc6 3. Bb5 a6 4. Bxc6 dxc6 5. Nc3 f6 6. d4 Bg4 7. dxe5 Qxd1+ 8.
Nxd1 O-O-O 9. Bf4 Re8 10. Ne3 Bxf3 11. gxf3 fxe5 12. Bg3 Bd6 13. Rd1 Re6 14.
Ke2 Ne7 15. Rd3 b5 16. h4 Rf8 17. h5 c5 18. Rh3 a5 19. Bh4 a4 20. Bxe7 Bxe7 21.
Nf5 c4 22. Rd1 Bf6 23. Rg3 Rf7 24. Rh1 Rd7 25. Rd1 Rf7 26. Rd5 b4 27. Rc5 b3
28. a3 Be7 29. Rxc4 Bxa3 30. bxa3 b2 31. Rb4 Rb6 32. Rxb6 cxb6 33. Rg1 Rc7 34.
Kd2 g6 35. Ne3 Rf7 36. Ke2 Rc7 37. Rb1 Rc3 38. Rxb2 Rxa3 39. Rxb6 gxh5 40. Rh6
Ra1 41. Rxh5 a3 42. Rxe5 a2 43. Ra5 h5 44. Nf5 1-0

[Event "XVII Festival A"]
[Site "Campobasso ITA"]
[Date "2010.07.24"]
[Round "4"]
[White "Galasso, Luigi"]
[Black "Aliberti, Emilio"]
[Result "1/2-1/2"]
[WhiteElo "2024"]
[BlackElo "1847"]
[PlyCount "44"]
[EventDate "2010.07.23"]

1. c4 c6 2. e4 d5 3. exd5 cxd5 4. d4 Nf6 5. Nc3 Nc6 6. Nf3 Bg4 7. cxd5 Nxd5 8.
Qb3 Bxf3 9. gxf3 e6 10. Qxb7 Nxd4 11. Bb5+ Nxb5 12. Qc6+ Ke7 13. Qxb5 Qd7 14.
Nxd5+ Qxd5 15. Bg5+ f6 16. Qxd5 exd5 17. Be3 Ke6 18. O-O-O Rc8+ 19. Kb1 Bc5 20.
Rhe1 Bxe3 21. Rxe3+ Kd6 22. Rde1 Rhd8 1/2-1/2

[Event "XVII Festival A"]
[Site "Campobasso ITA"]
[Date "2010.07.24"]
[Round "4"]
[White "Gatti, Francesco"]
[Black "Radice, Mario"]
[Result "0-1"]
[WhiteElo "1823"]
[BlackElo "1917"]
[PlyCount "78"]
[EventDate "2010.07.23"]

1. e4 e6 2. g3 d5 3. Bg2 dxe4 4. Bxe4 Nf6 5. Bg2 Bc5 6. d3 O-O 7. Qe2 Re8 8.
Be3 Qd6 9. Nd2 Qb6 10. Nb3 Bxe3 11. fxe3 Bd7 12. Nf3 Bc6 13. h3 a5 14. c3 Nd5
15. d4 Nd7 16. O-O a4 17. Nc1 a3 18. Rb1 Nxc3 19. Qc2 Nxb1 20. Ng5 Nf6 21. Rxf6
g6 22. Rxf7 Qxb2 23. Rf2 Qxc2 24. Rxc2 Bxg2 25. Kxg2 c6 26. Ne2 e5 27. Kf2 exd4
28. Nxd4 Re5 29. Ngf3 Rf8 30. Ke2 Rd5 31. Rc1 c5 32. Nb3 Rdf5 33. Nxc5 Rxf3 34.
Rxb1 Rf2+ 35. Kd3 Rb2 36. Re1 Rxa2 37. Nxb7 Rb2 38. Nc5 a2 39. Ra1 Ra8 0-1

[Event "XVII Festival A"]
[Site "Campobasso ITA"]
[Date "2010.07.24"]
[Round "4"]
[White "Georgiev, Vladimir"]
[Black "Sengupta, Deep"]
[Result "0-1"]
[WhiteElo "2586"]
[BlackElo "2527"]
[PlyCount "70"]
[EventDate "2010.07.23"]

1. d4 d5 2. Nf3 Nf6 3. c4 dxc4 4. e3 e6 5. Bxc4 c5 6. O-O a6 7. Bd3 Nbd7 8. b3
cxd4 9. exd4 b5 10. Nbd2 Bb7 11. a4 bxa4 12. bxa4 Bb4 13. Nc4 a5 14. Ba3 O-O
15. Nce5 h6 16. Bxb4 axb4 17. Qb3 Nxe5 18. dxe5 Nd7 19. Bb5 Bd5 20. Qe3 Qe7 21.
Nd4 Rfc8 22. Rfc1 Nc5 23. Bc4 Qd7 24. h3 Ne4 25. Bb5 Qb7 26. Rab1 Rxc1+ 27.
Qxc1 Nc3 28. Rxb4 Na2 29. Qd2 Nxb4 30. Qxb4 Bxg2 31. Qa3 Bd5 32. Kh2 Qc7 33.
Qe3 Rd8 34. Kg3 Bb7 35. h4 Rd5 0-1

[Event "XVII Festival A"]
[Site "Campobasso ITA"]
[Date "2010.07.24"]
[Round "4"]
[White "Giacchetti, Lorenzo"]
[Black "Bottega, Antonio"]
[Result "0-1"]
[WhiteElo "1843"]
[BlackElo "1963"]
[PlyCount "80"]
[EventDate "2010.07.23"]

1. e4 c5 2. Nf3 a6 3. c3 d5 4. exd5 Qxd5 5. d4 Nf6 6. Be2 e6 7. Bf4 Nc6 8. O-O
Be7 9. Re1 O-O 10. Ne5 Nxe5 11. Bxe5 Rd8 12. Bf3 Qd7 13. Nd2 cxd4 14. cxd4 Nd5
15. Rc1 f6 16. Bg3 Bb4 17. a3 Ba5 18. b4 Bb6 19. Nb3 Ne7 20. Nc5 Bxc5 21. dxc5
e5 22. Qb3+ Kf8 23. Rcd1 Qc7 24. Rxd8+ Qxd8 25. Rd1 Qc7 26. Qd3 Bf5 27. Qd6 Rc8
28. Qxc7 Rxc7 29. Rd8+ Kf7 30. Rb8 Bc8 31. a4 Ke6 32. Be2 Nc6 33. Rxc8 Rxc8 34.
f4 Nxb4 35. fxe5 Rxc5 36. exf6 Rc1+ 37. Kf2 gxf6 38. Bf3 Nd5 39. a5 Rc5 40.
Bg4+ f5 0-1

[Event "XVII Festival A"]
[Site "Campobasso ITA"]
[Date "2010.07.24"]
[Round "4"]
[White "Grasso, Nino"]
[Black "Mazza, Daniele"]
[Result "1-0"]
[WhiteElo "1942"]
[BlackElo "1836"]
[PlyCount "111"]
[EventDate "2010.07.23"]

1. e4 d6 2. d4 Nf6 3. Nc3 g6 4. Nf3 Bg7 5. Bd3 O-O 6. h3 c6 7. Be3 b5 8. Qd2
Qc7 9. Bh6 Nbd7 10. h4 e5 11. h5 Bxh6 12. Qxh6 Ng4 13. Qg5 Ndf6 14. dxe5 dxe5
15. hxg6 fxg6 16. Qh4 Nh5 17. O-O-O Qg7 18. Kb1 a6 19. Rd2 Ra7 20. Rhd1 Nf4 21.
Bf1 h6 22. g3 g5 23. Qh1 Ng6 24. Qg2 Raf7 25. Be2 Nxf2 26. Qxf2 g4 27. Rd3 gxf3
28. Bf1 Bg4 29. R1d2 Ne7 30. Nd1 Qg6 31. Qe3 Bh5 32. Rh2 Rf6 33. Rd7 R8f7 34.
Nf2 Kg7 35. Rh4 Ng8 36. Rd1 Rd6 37. Rxd6 Qxd6 38. Rxh5 Qg6 39. g4 Rf4 40. Rxe5
Qf6 41. Rf5 Rxf5 42. exf5 Qe7 43. Qxf3 Qe1+ 44. Nd1 Nf6 45. Be2 Nd5 46. a3 b4
47. Qf1 Qd2 48. axb4 Qxb4 49. Bc4 Nb6 50. f6+ Kf8 51. Bb3 a5 52. Qd3 Qe1 53.
Qd8+ Qe8 54. Qxb6 Qe1 55. Qd8+ Qe8 56. Qd6+ 1-0

[Event "XVII Festival A"]
[Site "Campobasso ITA"]
[Date "2010.07.24"]
[Round "4"]
[White "Gromovs, Sergejs"]
[Black "Altini, Nicola"]
[Result "1/2-1/2"]
[WhiteElo "2365"]
[BlackElo "2120"]
[PlyCount "103"]
[EventDate "2010.07.23"]

1. d4 d5 2. c4 c6 3. Nc3 Nf6 4. Nf3 dxc4 5. a4 Bf5 6. Ne5 Nbd7 7. Nxc4 e6 8. f3
Bb4 9. e4 Nxe4 10. fxe4 Qh4+ 11. Kd2 Qf2+ 12. Qe2 Qxd4+ 13. Kc2 Bg6 14. Be3 Qf6
15. Kb3 Qe7 16. Rd1 b5 17. axb5 cxb5 18. Nxb5 O-O 19. Rxd7 Qxd7 20. Kxb4 Rfb8
21. Bb6 axb6 22. Qd3 Qe7+ 23. Ncd6 Qg5 24. h4 Qc1 25. Kb3 Bh5 26. g4 Bxg4 27.
Bg2 Qc5 28. Bf3 Bxf3 29. Qxf3 f6 30. Qc3 Rc8 31. Rc1 Qxc3+ 32. bxc3 Rc5 33. Nd4
e5 34. N4f5 Rca5 35. Rg1 R8a7 36. c4 Kf8 37. Kb4 Ra1 38. Rxa1 Rxa1 39. Kb5 Rb1+
40. Kc6 g6 41. Ne3 h5 42. Nd5 g5 43. Nf5 gxh4 44. Nxf6 h3 45. Nxh5 h2 46. Nhg3
Kf7 47. Ne3 Re1 48. Ng4 Rxe4 49. Nxh2 Rxc4+ 50. Kxb6 Kf6 51. Nf3 e4 52. Nd2
1/2-1/2

[Event "XVII Festival A"]
[Site "Campobasso ITA"]
[Date "2010.07.24"]
[Round "4"]
[White "Ljubisavljevic, Zivojin Z."]
[Black "Parrini, Daniele"]
[Result "1-0"]
[WhiteElo "2271"]
[BlackElo "2109"]
[PlyCount "92"]
[EventDate "2010.07.23"]

1. e4 c5 2. Nc3 Nc6 3. f4 g6 4. Nf3 Bg7 5. Bb5 Nd4 6. Nxd4 cxd4 7. Ne2 Nf6 8.
e5 Nd5 9. Bc4 Nb6 10. Bb3 d6 11. exd6 Qxd6 12. d3 O-O 13. O-O a5 14. a3 a4 15.
Ba2 Bd7 16. Ng3 e6 17. Ne4 Qc6 18. Bd2 Nd5 19. Bxd5 exd5 20. Ng5 Rfc8 21. Rc1
Qb6 22. Bb4 Re8 23. Qf3 Qc6 24. Qf2 Qf6 25. Bd2 Qb6 26. Nf3 Qxb2 27. Ne5 Rxe5
28. fxe5 Be6 29. Rb1 Qxc2 30. Rxb7 Qxd3 31. Rxf7 Qxf1+ 32. Kxf1 Bxf7 33. Qxd4
Rc8 34. Qxa4 Bxe5 35. Qd7 Rc7 36. Qd8+ Kg7 37. Bb4 h5 38. Qg5 Bf6 39. Bf8+ Kxf8
40. Qxf6 Rc4 41. Ke2 Re4+ 42. Kd2 Ra4 43. Qc6 Rc4 44. Qa8+ Kg7 45. a4 Be6 46.
a5 Kf6 1-0

[Event "XVII Festival A"]
[Site "Campobasso ITA"]
[Date "2010.07.24"]
[Round "4"]
[White "Mazzarella, Antonio"]
[Black "Consalvo, Gerardo"]
[Result "1-0"]
[WhiteElo "2018"]
[BlackElo "2002"]
[PlyCount "59"]
[EventDate "2010.07.23"]

1. d4 e6 2. Nf3 f5 3. e3 Nf6 4. Bd3 d5 5. O-O Bd6 6. Nbd2 O-O 7. b3 Nbd7 8. Bb2
Ne4 9. c4 c6 10. Ne5 Ndf6 11. f3 Nxd2 12. Qxd2 Qc7 13. Qc2 Nd7 14. Nxd7 Bxh2+
15. Kh1 Bxd7 16. e4 Qf4 17. g4 Rf6 18. Bc1 Qc7 19. Qxh2 f4 20. Kg2 Raf8 21. Rh1
Rh6 22. Qg1 Rxh1 23. Qxh1 Qa5 24. e5 h6 25. Qd1 Qd8 26. Qe1 Qg5 27. Ba3 Rf5 28.
Bxf5 exf5 29. e6 Bxe6 30. Qxe6+ 1-0

[Event "XVII Festival A"]
[Site "Campobasso ITA"]
[Date "2010.07.24"]
[Round "4"]
[White "Petruccioli, Antonio"]
[Black "Scagliarini, Bruno"]
[Result "1-0"]
[WhiteElo "2113"]
[BlackElo "1904"]
[PlyCount "65"]
[EventDate "2010.07.23"]

1. e4 e6 2. b3 d5 3. Nc3 Nf6 4. f3 c5 5. Bb2 Nc6 6. exd5 exd5 7. Bb5 Be7 8.
Nge2 O-O 9. Bxc6 bxc6 10. O-O Ba6 11. d3 Qc7 12. Qe1 Bd6 13. Qh4 Rfe8 14. Ng3
Bxg3 15. hxg3 Re6 16. g4 Qf4 17. Qf2 Nd7 18. g3 Qe3 19. Rfe1 Qxf2+ 20. Kxf2
Rae8 21. Rxe6 Rxe6 22. f4 f6 23. Na4 c4 24. dxc4 dxc4 25. Rd1 c3 26. Nxc3 Nb6
27. Rd2 Kf7 28. f5 Re8 29. Rd6 Bb7 30. Ba3 Re7 31. Bc5 Nd5 32. Nxd5 cxd5 33.
Bxa7 1-0

[Event "XVII Festival A"]
[Site "Campobasso ITA"]
[Date "2010.07.24"]
[Round "4"]
[White "Rusev, Krasimir"]
[Black "Zherebukh, Yaroslav"]
[Result "1/2-1/2"]
[WhiteElo "2543"]
[BlackElo "2572"]
[PlyCount "41"]
[EventDate "2010.07.23"]

1. d4 d5 2. c4 c6 3. Nf3 Nf6 4. cxd5 cxd5 5. Nc3 Nc6 6. Bf4 a6 7. Rc1 e6 8. e3
Be7 9. Bd3 O-O 10. Ne5 Nxe5 11. Bxe5 Bd7 12. O-O Bc6 13. Qf3 Nd7 14. Bg3 f5 15.
Qe2 b5 16. Rc2 b4 17. Nb1 Qb6 18. Rfc1 Rac8 19. Nd2 Bd8 20. Nb3 Bb7 21. Nc5
1/2-1/2

[Event "XVII Festival A"]
[Site "Campobasso ITA"]
[Date "2010.07.24"]
[Round "4"]
[White "Sabia, Corrado"]
[Black "Bove, Raffaele"]
[Result "1-0"]
[WhiteElo "2212"]
[BlackElo "1917"]
[PlyCount "63"]
[EventDate "2010.07.23"]

1. c4 Nf6 2. g3 c6 3. Nf3 e6 4. Bg2 Be7 5. b3 d5 6. Bb2 dxc4 7. bxc4 O-O 8. O-O
c5 9. e3 Qb6 10. Qc2 Bd7 11. Nc3 Bc6 12. Rab1 Qa6 13. d3 b6 14. h3 Qb7 15. e4
Na6 16. a3 Rad8 17. Ne5 Nb8 18. f4 Nfd7 19. Nf3 f5 20. Rbe1 Bf6 21. g4 fxg4 22.
hxg4 a6 23. g5 Be7 24. Ne2 Bd6 25. Qc3 Rf7 26. g6 Re7 27. gxh7+ Kh8 28. Ng5 Nf8
29. Rf3 e5 30. Ref1 exf4 31. Nxf4 Be5 32. Nfe6 1-0

[Event "XVII Festival A"]
[Site "Campobasso ITA"]
[Date "2010.07.24"]
[Round "4"]
[White "Santeramo, Domenico"]
[Black "Stromboli, Ettore"]
[Result "0-1"]
[WhiteElo "1905"]
[BlackElo "2259"]
[PlyCount "168"]
[EventDate "2010.07.23"]

1. e4 e6 2. d4 d5 3. e5 c5 4. c3 Nc6 5. Nf3 Qb6 6. a3 c4 7. Be2 Bd7 8. Nbd2 Na5
9. O-O Be7 10. h3 h5 11. Rb1 Nh6 12. Nh2 h4 13. Ng4 Nf5 14. Qc2 Nb3 15. Nxb3
Ba4 16. Ne3 Bxb3 17. Qd2 g6 18. Kh2 O-O-O 19. Ng4 Qc7 20. Bd1 Qb6 21. Be2 Qa5
22. Bd1 Qa4 23. Qe2 Bxd1 24. Rxd1 Qb3 25. Be3 Rd7 26. Qd2 Rh5 27. Bf4 a5 28.
Ra1 a4 29. Re1 Qb6 30. Nf6 Bxf6 31. exf6 Qd8 32. Bg5 Nd6 33. f3 Ne8 34. Qf4
Rxg5 35. Qxg5 Qxf6 36. Qxf6 Nxf6 37. g3 hxg3+ 38. Kxg3 Kd8 39. Re5 Ke7 40. Rae1
Rd8 41. h4 Nh5+ 42. Kg4 Ng7 43. R5e2 Kf6 44. Rh1 Rh8 45. Re5 Nh5 46. Rhe1 Kg7
47. Rh1 Nf6+ 48. Kg3 Nd7 49. Re2 Rh5 50. Rhe1 Rf5 51. Re3 Rh5 52. R3e2 Kf6 53.
Rd1 Rh8 54. Rde1 Ke7 55. Re3 Nf6 56. Re5 Nh5+ 57. Kg4 Kf6 58. Rh1 Ng7 59. Re2
Ke7 60. Rhe1 f6 61. Rh1 Rh5 62. Rhh2 Rf5 63. Re3 Nh5 64. Rhe2 Nf4 65. Re1 Kf7
66. Kg3 Nh5+ 67. Kg4 Nf4 68. Kg3 Ke7 69. Kf2 Nd3+ 70. Rxd3 cxd3 71. Rd1 Rh5 72.
Kg3 g5 73. hxg5 Rxg5+ 74. Kf2 Rh5 75. Kg2 Kd6 76. Rxd3 e5 77. dxe5+ fxe5 78. c4
d4 79. b4 axb3 80. Rxb3 Kc5 81. Rb4 d3 82. Kf2 Rh2+ 83. Ke1 Kd4 84. Rxb7 Ke3
0-1

[Event "XVII Festival A"]
[Site "Campobasso ITA"]
[Date "2010.07.24"]
[Round "4"]
[White "Stromboli, Carlo"]
[Black "Gerardi, Saverio"]
[Result "1-0"]
[WhiteElo "2285"]
[BlackElo "2193"]
[PlyCount "87"]
[EventDate "2010.07.23"]

1. e4 c5 2. Nf3 e6 3. Nc3 Nc6 4. d4 cxd4 5. Nxd4 Qc7 6. Nb3 a6 7. Bd3 b5 8. f4
Bb7 9. Be3 d6 10. Qe2 Nf6 11. g4 Be7 12. g5 Nd7 13. Qf2 Nb4 14. Bf1 Nxc2+ 15.
Qxc2 b4 16. Bg2 bxc3 17. Rc1 Rc8 18. O-O O-O 19. Qd3 Qc4 20. Qxc4 Rxc4 21. Na5
Rc7 22. Nxb7 Rxb7 23. Rxc3 Rxb2 24. Rc7 Rd8 25. Rf2 Rxf2 26. Kxf2 Bf8 27. Bf1
Nc5 28. Kf3 a5 29. e5 Nd7 30. Bb5 Nb8 31. Ba7 dxe5 32. fxe5 Rd5 33. a4 Rxe5 34.
Bxb8 g6 35. Rc8 Rf5+ 36. Ke4 Rd5 37. Bc4 Rd1 38. Ba7 Re1+ 39. Kf3 Re5 40. Bb8
Rf5+ 41. Ke4 e5 42. Bd6 Rf4+ 43. Kxe5 Rxc4 44. Rxc4 1-0

[Event "XVII Festival A"]
[Site "Campobasso ITA"]
[Date "2010.07.25"]
[Round "5"]
[White "Aliberti, Emilio"]
[Black "Colucci, Stefano"]
[Result "1-0"]
[WhiteElo "1847"]
[BlackElo "1968"]
[PlyCount "123"]
[EventDate "2010.07.23"]

1. d4 d5 2. c4 e6 3. g3 dxc4 4. Bg2 c6 5. Nf3 Nf6 6. O-O Nbd7 7. Qc2 Bd6 8. Rd1
Qc7 9. Qxc4 O-O 10. Nc3 e5 11. Bg5 h6 12. Bxf6 Nxf6 13. dxe5 Bxe5 14. Nxe5 Qxe5
15. Qd4 Qxd4 16. Rxd4 Be6 17. Rad1 Rfe8 18. Bf3 Re7 19. a3 Rae8 20. Kg2 c5 21.
Rd6 Kf8 22. e3 Bg4 23. Nd5 Bxf3+ 24. Kxf3 Nxd5 25. R1xd5 b6 26. Ke2 Rc7 27. Kd3
f6 28. b3 Kf7 29. a4 Rec8 30. Rd7+ Ke6 31. R5d6+ Kf5 32. Rxc7 Rxc7 33. f3 Ke5
34. Rd8 Rb7 35. e4 Ke6 36. Kc4 Ke5 37. Rd5+ Ke6 38. Kb5 Rc7 39. a5 bxa5 40.
Rxc5 Rb7+ 41. Kc4 Kd6 42. Rd5+ Kc6 43. Rxa5 Rd7 44. Rd5 Rb7 45. b4 Re7 46. b5+
Kb7 47. Kd4 a6 48. bxa6+ Kxa6 49. Rc5 Kb6 50. Rc3 Rd7+ 51. Ke3 Rd1 52. Kf4 Rh1
53. h4 Rd1 54. Kf5 Rd7 55. f4 Re7 56. h5 Ra7 57. e5 fxe5 58. fxe5 Re7 59. e6
Kb7 60. Ke5 Kb8 61. Kd6 Ra7 62. e7 1-0